[Event "Ostrava Seniors op"]
[Site "Ostrava"]
[Date "2014.05.04"]
[Round "9"]
[White "Zlebcik, Ladislav"]
[Black "Plesnik, Miroslav"]
[Result "1/2-1/2"]
[WhiteElo "1889"]
[BlackElo "1877"]
[PlyCount "62"]
[EventDate "2014.04.26"]
[EventType "swiss"]
[EventRounds "9"]
[EventCountry "CZE"]
[SourceTitle "CBM 160 Extra"]
[Source "ChessBase"]
[SourceDate "2014.07.01"]
[SourceVersion "1"]
[SourceVersionDate "2014.07.01"]
[SourceQuality "1"]

1. e4 e6 2. d4 d5 3. Nd2 b6 4. e5 Ne7 5. c3 c5 6. Ndf3 Nf5 7. Bd3 Be7 8. Ne2 0-0 9. 0-0 Ba6 10. Bc2 cxd4 11. Nfxd4 Qc7 12. Nxf5 exf5 13. Re1 g6 14. Bh6 Bxe2 15. Qxe2 Re8 16. Qf3 Bf8 17. Bxf8 Kxf8 18. Qxd5 Na6 19. Rad1 Rad8 20. Qb5 Nc5 21. Rxd8 Rxd8 22. Qe2 Re8 23. f4 Ne6 24. g3 Qc5+ 25. Qe3 Qb5 26. b3 Rc8 27. c4 Qa5 28. Bb1 Rd8 29. Kf2 Nc5 30. Re2 Rd1 31. Bc2 Rd8 1/2-1/2

[Event "Ostrava Seniors op"]
[Site "Ostrava"]
[Date "2014.04.30"]
[Round "5"]
[White "Linart, Ludvik"]
[Black "Plesnik, Miroslav"]
[Result "1/2-1/2"]
[WhiteElo "1609"]
[BlackElo "1877"]
[PlyCount "20"]
[EventDate "2014.04.26"]
[EventType "swiss"]
[EventRounds "9"]
[EventCountry "CZE"]
[SourceTitle "CBM 160 Extra"]
[Source "ChessBase"]
[SourceDate "2014.07.01"]
[SourceVersion "1"]
[SourceVersionDate "2014.07.01"]
[SourceQuality "1"]

1. d4 d5 2. c4 e6 3. Nc3 Nf6 4. Bg5 Be7 5. Bxf6 Bxf6 6. cxd5 exd5 7. Nf3 0-0 8. e3 c6 9. Be2 Bg4 10. 0-0 Nd7 1/2-1/2

[Event "Ostrava Seniors op"]
[Site "Ostrava"]
[Date "2014.04.27"]
[Round "2"]
[White "Plesnik, Miroslav"]
[Black "Krouzel, Jaroslav"]
[Result "1/2-1/2"]
[WhiteElo "1877"]
[BlackElo "2135"]
[PlyCount "49"]
[EventDate "2014.04.26"]
[EventType "swiss"]
[EventRounds "9"]
[EventCountry "CZE"]
[SourceTitle "CBM 160 Extra"]
[Source "ChessBase"]
[SourceDate "2014.07.01"]
[SourceVersion "1"]
[SourceVersionDate "2014.07.01"]
[SourceQuality "1"]

1. d4 f5 2. c4 Nf6 3. Nc3 d6 4. Bg5 e6 5. e4 fxe4 6. Nxe4 Be7 7. Bxf6 Bxf6 8. Nf3 0-0 9. Bd3 Nc6 10. Nxf6+ Qxf6 11. 0-0 Bd7 12. a3 Rae8 13. c5 Kh8 14. Bb5 a6 15. Ba4 Rd8 16. cxd6 cxd6 17. d5 exd5 18. Qxd5 Ne7 19. Qe4 b5 20. Bd1 Bc6 21. Qd4 Qg6 22. Nh4 Qg5 23. g3 Nf5 24. Nxf5 Qxf5 25. Rc1 1/2-1/2

[Event "Prague Holiday K11"]
[Site "Prague"]
[Date "2013.07.16"]
[Round "4"]
[White "Cisarik, Pavol"]
[Black "Plesnik, Miroslav"]
[Result "1/2-1/2"]
[WhiteElo "1777"]
[BlackElo "1901"]
[PlyCount "37"]
[EventDate "2013.07.14"]
[EventType "tourn"]
[EventRounds "9"]
[EventCountry "CZE"]
[SourceTitle "EXT 2023"]
[Source "ChessBase"]
[SourceDate "2022.10.05"]
[SourceVersion "1"]
[SourceVersionDate "2022.10.05"]
[SourceQuality "1"]

1. e4 e6 2. d4 d5 3. Nd2 c5 4. exd5 Qxd5 5. Ngf3 cxd4 6. Bc4 Qd8 7. 0-0 Nf6 8. Nb3 Nc6 9. Nbxd4 Nxd4 10. Nxd4 Be7 11. Bf4 a6 12. c3 0-0 13. Re1 Qb6 14. Qc2 Qc5 15. Bd3 Bd6 16. Bxd6 Qxd6 17. Nf3 Bd7 18. Rad1 Qc7 19. Ne5 1/2-1/2

[Event "Prague Holiday K11"]
[Site "Prague"]
[Date "2013.07.16"]
[Round "5"]
[White "Plesnik, Miroslav"]
[Black "Korth, Manfred"]
[Result "1/2-1/2"]
[WhiteElo "1901"]
[BlackElo "1887"]
[PlyCount "43"]
[EventDate "2013.07.14"]
[EventType "tourn"]
[EventRounds "9"]
[EventCountry "CZE"]
[SourceTitle "EXT 2023"]
[Source "ChessBase"]
[SourceDate "2022.10.05"]
[SourceVersion "1"]
[SourceVersionDate "2022.10.05"]
[SourceQuality "1"]

1. d4 d6 2. c4 e5 3. dxe5 dxe5 4. Qxd8+ Kxd8 5. Nf3 f6 6. Nc3 Be6 7. e3 c6 8. Be2 Nd7 9. 0-0 g5 10. Rd1 Kc7 11. a3 a5 12. b3 h5 13. Bb2 Nh6 14. Ne4 Be7 15. Nexg5 fxg5 16. Nxe5 Rhg8 17. Nf3 h4 18. Nd4 Bf7 19. h3 g4 20. hxg4 Nxg4 21. Nf5 Bf8 22. Nxh4 1/2-1/2

[Event "Prague Holiday K11"]
[Site "Prague"]
[Date "2013.07.14"]
[Round "1"]
[White "Dobias, Daniel"]
[Black "Plesnik, Miroslav"]
[Result "0-1"]
[WhiteElo "1764"]
[BlackElo "1901"]
[PlyCount "93"]
[EventDate "2013.07.14"]
[EventType "tourn"]
[EventRounds "9"]
[EventCountry "CZE"]
[SourceTitle "EXT 2023"]
[Source "ChessBase"]
[SourceDate "2022.10.05"]
[SourceVersion "1"]
[SourceVersionDate "2022.10.05"]
[SourceQuality "1"]

1. e4 e6 2. d4 d5 3. e5 c5 4. Nf3 cxd4 5. Nxd4 Ne7 6. Nc3 Nbc6 7. Bb5 Ng6 8. Nxc6 bxc6 9. Bxc6+ Bd7 10. Bxa8 Qxa8 11. Qd4 Qb8 12. 0-0 Nxe5 13. Be3 Nc6 14. Qd2 Be7 15. a3 0-0 16. b4 Bf6 17. Bc5 Rc8 18. Rab1 Ne5 19. Qf4 Qb7 20. Bd4 Ng6 21. Qd2 e5 22. Bc5 d4 23. Ne2 Bc6 24. f3 Bb5 25. Rfe1 Bxe2 26. Qxe2 Qd5 27. Qe4 Qd7 28. Red1 Qb5 29. Ra1 Qa4 30. Ra2 Nf4 31. g3 Ne6 32. Qb7 Rd8 33. Be7 Bxe7 34. Qxe7 Qc6 35. Rd3 e4 36. fxe4 Qxe4 37. Qxa7 Qe1+ 38. Kg2 Qe2+ 39. Kg1 Ng5 40. g4 Ne4 41. Ra1 Qxg4+ 42. Kf1 Qf4+ 43. Kg1 Qg4+ 44. Kf1 h5 45. Qe7 Rd6 46. Ke1 Qg1+ 47. Ke2 0-1

[Event "Prague Holiday K11"]
[Site "Prague"]
[Date "2012.07.18"]
[Round "6"]
[White "Plesnik, Miroslav"]
[Black "Ruell, Michael"]
[Result "1/2-1/2"]
[WhiteElo "1907"]
[BlackElo "1828"]
[PlyCount "39"]
[EventDate "2012.07.15"]
[EventType "tourn"]
[EventRounds "9"]
[EventCountry "CZE"]
[SourceTitle "EXT 2023"]
[Source "ChessBase"]
[SourceDate "2022.10.05"]
[SourceVersion "1"]
[SourceVersionDate "2022.10.05"]
[SourceQuality "1"]

1. d4 Nf6 2. c4 g6 3. f3 Bg7 4. e4 d6 5. Bd3 c5 6. d5 Nbd7 7. Ne2 Ne5 8. Nbc3 Nh5 9. 0-0 0-0 10. h3 a6 11. Be3 Bd7 12. a4 f5 13. exf5 Nxd3 14. Qxd3 Bxf5 15. Qd2 Bd7 16. Bh6 b6 17. Bxg7 Nxg7 18. Rfe1 Rb8 19. Ng3 Ne8 20. Qd3 1/2-1/2

[Event "Ostrava Konik op-C"]
[Site "Ostrava"]
[Date "2012.04.30"]
[Round "3"]
[White "Plesnik, Miroslav"]
[Black "Simek, Jiri"]
[Result "0-1"]
[WhiteElo "1909"]
[BlackElo "2059"]
[PlyCount "46"]
[EventDate "2012.04.28"]
[EventType "swiss"]
[EventRounds "9"]
[EventCountry "CZE"]
[SourceTitle "CBM 148 Extra"]
[Source "ChessBase"]
[SourceDate "2012.06.22"]
[SourceVersion "1"]
[SourceVersionDate "2012.06.22"]
[SourceQuality "1"]

1. d4 d5 2. c4 e6 3. Nf3 Nf6 4. Nc3 c6 5. Bg5 Be7 6. e3 Nbd7 7. cxd5 exd5 8. Bd3 Ne4 9. Nxe4 dxe4 10. Bxe4 Bxg5 11. d5 cxd5 12. Qxd5 Bf6 13. 0-0 0-0 14. Rad1 Qe7 15. Bc2 Nb6 16. Qd3 g6 17. b3 Rd8 18. Qb5 Bg4 19. a4 Rac8 20. Rxd8+ Rxd8 21. Qa5 Nc8 22. Nd2 b6 23. Qa6 Rxd2 0-1

[Event "Ostrava op"]
[Site "Ostrava"]
[Date "2009.05.09"]
[Round "8"]
[White "Zinglar, David"]
[Black "Plesnik, Miroslav"]
[Result "0-1"]
[WhiteElo "1960"]
[BlackElo "1860"]
[PlyCount "60"]
[EventDate "2009.05.02"]
[EventType "swiss"]
[EventRounds "9"]
[EventCountry "CZE"]
[SourceTitle "EXT 2011"]
[Source "ChessBase"]
[SourceDate "2010.11.26"]
[SourceVersion "1"]
[SourceVersionDate "2010.11.26"]
[SourceQuality "1"]

1. e4 e6 2. d4 d5 3. Nc3 Nf6 4. e5 Nfd7 5. f4 c5 6. Nf3 Nc6 7. Be3 Qb6 8. Na4 Qa5+ 9. c3 cxd4 10. b4 Qc7 11. Nxd4 Nxd4 12. Bxd4 f6 13. Bd3 f5 14. g4 Nb6 15. gxf5 exf5 16. Bxb6 axb6 17. Bb5+ Kf7 18. Qd4 Be6 19. Nxb6 Ra3 20. Na4 Be7 21. 0-0 Ra8 22. Nb6 Rd8 23. Rf3 g5 24. fxg5 Bxb4 25. Rxf5+ Bxf5 26. e6+ Kg8 27. cxb4 Bxe6 28. Re1 Rxa2 29. Be2 Rd6 30. Bg4 Rxb6 0-1

[Event "Ostrava op"]
[Site "Ostrava"]
[Date "2009.05.05"]
[Round "4"]
[White "Kondula, Lukas"]
[Black "Plesnik, Miroslav"]
[Result "1-0"]
[WhiteElo "1905"]
[BlackElo "1860"]
[PlyCount "43"]
[EventDate "2009.05.02"]
[EventType "swiss"]
[EventRounds "9"]
[EventCountry "CZE"]
[SourceTitle "EXT 2011"]
[Source "ChessBase"]
[SourceDate "2010.11.26"]
[SourceVersion "1"]
[SourceVersionDate "2010.11.26"]
[SourceQuality "1"]

1. e4 e6 2. d4 d5 3. Nc3 Nf6 4. Bg5 Be7 5. e5 Nfd7 6. Bxe7 Qxe7 7. f4 0-0 8. Nf3 c5 9. Be2 Nc6 10. Qd2 cxd4 11. Nxd4 Qb4 12. 0-0-0 Nxd4 13. Qxd4 Qxd4 14. Rxd4 a6 15. Re1 f6 16. exf6 Nxf6 17. Bf3 b5 18. f5 Re8 19. Nxd5 Nxd5 20. Bxd5 exd5 21. Rxe8+ Kf7 22. Rd8 1-0

[Event "Ostrava SME op"]
[Site "Ostrava"]
[Date "2005.05.07"]
[Round "8"]
[White "Plesnik, Miroslav"]
[Black "Dvorak, Vladimir"]
[Result "1/2-1/2"]
[WhiteElo "2040"]
[BlackElo "2020"]
[PlyCount "35"]
[EventDate "2005.04.30"]
[EventType "swiss"]
[EventRounds "9"]
[EventCountry "CZE"]
[SourceTitle "CBM 106 Extra"]
[Source "ChessBase"]
[SourceDate "2005.07.01"]
[SourceVersion "1"]
[SourceVersionDate "2005.07.01"]
[SourceQuality "1"]

1. d4 e6 2. Nf3 f5 3. c4 Nf6 4. Nc3 Bb4 5. Bg5 0-0 6. e3 b6 7. Bd3 Bb7 8. 0-0 Bxc3 9. bxc3 h6 10. Bxf6 Qxf6 11. Re1 Be4 12. Qe2 d6 13. Nd2 Bxd3 14. Qxd3 Nd7 15. e4 Rae8 16. exf5 Qxf5 17. Qxf5 exf5 18. Kf1 1/2-1/2

[Event "Prague op-B 04th"]
[Site "Prague"]
[Date "2005.??.??"]
[Round "5.15"]
[White "Belec, Mikolas"]
[Black "Plesnik, Miroslav"]
[Result "1-0"]
[WhiteElo "1560"]
[BlackElo "2040"]
[PlyCount "142"]
[EventDate "2005.01.14"]
[EventType "swiss"]
[EventRounds "9"]
[EventCountry "CZE"]
[SourceTitle "CBM 104 Extra"]
[Source "ChessBase"]
[SourceDate "2005.03.01"]
[SourceVersion "1"]
[SourceVersionDate "2005.03.01"]
[SourceQuality "1"]

1. e4 e6 2. d4 d5 3. e5 b6 4. c3 Ne7 5. Nf3 Qd7 6. Be2 Nf5 7. 0-0 Be7 8. Nbd2 Ba6 9. Bxa6 Nxa6 10. Qe2 Qc8 11. Nb3 c6 12. Bd2 0-0 13. Rac1 b5 14. Ng5 h6 15. Nf3 Nc7 16. Na5 Ne8 17. b4 g5 18. g4 Nfg7 19. Ne1 f5 20. Ng2 fxg4 21. Qxg4 Rf7 22. f4 h5 23. Qe2 g4 24. Be1 Nf5 25. Qd3 h4 26. h3 g3 27. a3 Qc7 28. Bd2 a6 29. Ne3 Neg7 30. Ng4 Ne8 31. Ra1 c5 32. Rac1 c4 33. Qe2 Qd7 34. Kg2 Bd8 35. Ra1 Kh7 36. Rfe1 Nh6 37. Rf1 Nxg4 38. Qxg4 Ng7 39. Qe2 Nf5 40. Rfe1 Kg8 41. Rf1 Bb6 42. Rfb1 Rb8 43. Qd1 Bxa5 44. bxa5 Qa7 45. Qc2 Rfb7 46. Qd1 Rg7 47. Qc2 Rf7 48. Qd1 Qc7 49. a4 Qxa5 50. axb5 Qc7 51. bxa6 Rxb1 52. Qxb1 Qa7 53. Qb5 Nxd4 54. Qe8+ Rf8 55. Qg6+ Kh8 56. Qh6+ Kg8 57. Be3 Nf5 58. Qxe6+ Qf7 59. Qxf7+ Kxf7 60. Bc5 Rb8 61. a7 Ra8 62. Rb1 d4 63. cxd4 c3 64. Rc1 c2 65. Kf3 Ke6 66. Rxc2 Kd5 67. Rd2 Rg8 68. Ra2 Ra8 69. Ra5 Nxd4+ 70. Bxd4+ Kxd4 71. e6 Kc4 1-0

[Event "Prague op-B 04th"]
[Site "Prague"]
[Date "2005.??.??"]
[Round "1.6"]
[White "Nemcova, Karolina"]
[Black "Plesnik, Miroslav"]
[Result "1/2-1/2"]
[WhiteElo "1650"]
[BlackElo "2040"]
[PlyCount "126"]
[EventDate "2005.01.14"]
[EventType "swiss"]
[EventRounds "9"]
[EventCountry "CZE"]
[SourceTitle "CBM 104 Extra"]
[Source "ChessBase"]
[SourceDate "2005.03.01"]
[SourceVersion "1"]
[SourceVersionDate "2005.03.01"]
[SourceQuality "1"]

1. e4 e6 2. d4 d5 3. Nd2 Nf6 4. e5 Nfd7 5. Ngf3 c5 6. Nb3 Nc6 7. c3 Be7 8. Bb5 Qb6 9. Bxc6 bxc6 10. 0-0 c4 11. Nbd2 c5 12. Qc2 Ba6 13. Re1 0-0 14. b3 cxd4 15. Nxd4 Rac8 16. N2f3 cxb3 17. axb3 Rc7 18. Be3 Bc5 19. Reb1 Rfc8 20. c4 Nxe5 21. Nxe5 Bxd4 22. Rxa6 Qxa6 23. Bxd4 dxc4 24. Nxc4 Qb5 25. Qb2 Qg5 26. Ra1 Qb5 27. Nd6 Qxb3 28. Nxc8 Qxb2 29. Bxb2 Rxc8 30. Rxa7 h5 31. h4 Rc4 32. g3 f6 33. f4 Rc2 34. Rb7 Re2 35. Rb5 Kf7 36. Bd4 Kg6 37. Rb2 Re4 38. Rd2 Kf5 39. Kf2 Kg4 40. Be3 Ra4 41. Rd7 Ra2+ 42. Rd2 Ra3 43. Re2 g6 44. Kg2 Rc3 45. Bf2 Rc6 46. Rd2 Ra6 47. Rd7 Ra2 48. Rf7 Kf5 49. Kf3 Ra3+ 50. Be3 Rb3 51. Kf2 Rb2+ 52. Kf3 Rb3 53. Rd7 e5 54. fxe5 fxe5 55. Rf7+ Ke6 56. Rg7 Kf5 57. Kf2 Rb2+ 58. Kg1 Rb3 59. Bf2 e4 60. Rf7+ Ke6 61. Rf8 Ke5 62. Re8+ Kf5 63. Rf8+ Ke5 1/2-1/2